000 00536nam a2200181 4500
999 _c172129
_d172129
005 20200128122325.0
010 _aEN-127594
020 _c499.00
_a9789388322898
035 _aEN-111126
037 _bDBAD/PUB
082 _aN
100 _aDawood Ali Mccallum
245 _aMrs as Indian gentlemen/
_bby Dawood Ali Mccallum
260 _aGurugram
_bHachette Book Publishing
_c2019
270 _a4th & 5th Floors, Corporate Centre, Plot no 094, Sec44,
_bGurugram
_e122003
300 _a437p.
_c20cm(pbk)
942 _2ddc
_cEN
_hN
_mDAW